Las medidas para mejor resolver como institución común a todo procedimiento civil
Guardat en:
| Autor principal: | |
|---|---|
| Format: | Llibre |
| Idioma: | espanyol |
| Publicat: |
Santiago
Jurídica
1960
Santiago Universidad de Chile 1960 |
| Col·lecció: | Seminario de Derecho Privado, 2
|
| Matèries: | |
| Etiquetes: |
Afegir etiqueta
Sense etiquetes, Sigues el primer a etiquetar aquest registre!
|
MARC
| LEADER | 00000nam a2200000 a 4500 | ||
|---|---|---|---|
| 001 | UCS0742 | ||
| 003 | CL-VaPUC | ||
| 008 | 970426e19600000cl |||||||||||||||||spa|d | ||
| 082 | 0 | 4 | |a 347 |b PIE |2 21 |
| 100 | 0 | |a Piedrabuena Richard, Guillermo |e author |9 384584 | |
| 245 | 1 | 4 | |a Las medidas para mejor resolver como institución común a todo procedimiento civil |
| 300 | |a 135 p | ||
| 942 | |c BK | ||
| 945 | |d 19970426 00:00:00 |a lriquelm | ||
| 260 | |a Santiago |b Jurídica |c 1960 | ||
| 260 | |a Santiago |b Universidad de Chile |c 1960 | ||
| 650 | 7 | |a MEDIDAS PARA MEJOR RESOLVER |2 CL-VaPUC |9 384585 | |
| 650 | 0 | |a Procedimiento civil |9 254870 | |
| 650 | 7 | |a RESOLUCION |2 CL-VaPUC |9 383874 | |
| 650 | 7 | |a PRACTICA Y PROCEDIMIENTO LEGAL |2 CL-VaPUC |9 380723 | |
| 650 | 0 | |a Poder judicial |9 254871 | |
| 651 | 7 | |a CHILE |2 CL-VaPUC |9 384586 | |
| 651 | 0 | |a España |9 254926 | |
| 583 | |a last modification |c 20171116 04:37:09 |k Rodrigo Vera | ||
| 490 | 0 | |a Seminario de Derecho Privado, 2 | |
| 999 | |c 258957 |d 258955 | ||
| 952 | |0 0 |1 0 |4 0 |6 347_000000000000000_PIE_1960_1960 |7 0 |8 A |9 283399 |a BIBDER |b BIBDER |d 2019-11-19 |i 183570K |o 347 PIE 1960 1960 |p 183570K |r 2023-01-25 |w 2019-11-19 |y BK |k DER | ||